| 000 -LEADER |
| fixed length control field |
00607nam a22001577a 4500 |
| 005 - DATE AND TIME OF LATEST TRANSACTION |
| control field |
20260226115304.0 |
| 008 - FIXED-LENGTH DATA ELEMENTS--GENERAL INFORMATION |
| fixed length control field |
260226s2016 ge ||||| |||| 00| 0 geo d |
| 020 ## - INTERNATIONAL STANDARD BOOK NUMBER |
| International Standard Book Number |
9780231167895x |
| 080 ## - UNIVERSAL DECIMAL CLASSIFICATION NUMBER |
| Universal Decimal Classification number |
327(520) : 327(510) S-68 |
| 100 ## - MAIN ENTRY--PERSONAL NAME |
| Personal name |
Smith, Sheila |
| 9 (RLIN) |
26981 |
| 245 ## - TITLE STATEMENT |
| Title |
Intimate Rivals: |
| Remainder of title |
Japanese Domestic Politics and a Rising China / |
| Statement of responsibility, etc. |
Sheila Smith. |
| 264 ## - PRODUCTION, PUBLICATION, DISTRIBUTION, MANUFACTURE, AND COPYRIGHT NOTICE |
| Place of production, publication, distribution, manufacture |
New York : |
| Name of producer, publisher, distributor, manufacturer |
Columbia University Press, |
| Date of production, publication, distribution, manufacture, or copyright notice |
2016. |
| 300 ## - PHYSICAL DESCRIPTION |
| Extent |
362 p.; |
| Other physical details |
23 cm. |
| 653 ## - INDEX TERM--UNCONTROLLED |
| keyword |
იაპონიის შიდა პოლიტიკა და აღმავალი ჩინეთი |
| 942 ## - ADDED ENTRY ELEMENTS (KOHA) |
| Source of classification or shelving scheme |
|
| Koha item type |
წიგნი |